Complete Fairy Tales Of Oscar Wilde (Record no. 19785)

MARC details
000 -LEADER
fixed length control field 00305nam a22001337a 4500
020 ## - INTERNATIONAL STANDARD BOOK NUMBER
ISBN 0451524357
082 ## - DEWEY DECIMAL CLASSIFICATION NUMBER
Classification number 823 WIL
100 ## - MAIN ENTRY--AUTHOR NAME
Author name Wilde, Oscar
245 ## - TITLE STATEMENT
Title Complete Fairy Tales Of Oscar Wilde
260 ## - PUBLICATION, DISTRIBUTION, ETC. (IMPRINT)
Place of publication U.S.A
Name of publisher Penguin Books
Year of publication 1990
300 ## - PHYSICAL DESCRIPTION
Number of Pages 216 P
650 ## - SUBJECT ADDED ENTRY--TOPICAL TERM
Topical Term English - Fiction
942 ## - ADDED ENTRY ELEMENTS (KOHA)
Koha item type Books
Holdings
Home library Current library Shelving location Date acquired Source of acquisition Cost, normal purchase price Full call number Accession Number Koha item type
Henry Martyn Institute Library Henry Martyn Institute Library General stacks 09/21/2015 Dr Andreas D'Souza 0.00 823 WIL 11-2439 General Stack Book
                   Copyright © 2026 | Henry Martyn Institute | Hyderabad | TS-500052 | INDIA | Implemented by hmi.edu.in
Hit-Count:

Powered by Koha